书目信息 |
| 题名: |
中國史乘中未詳諸國考證
|
|
| 作者: | 希勒格 著 ;冯承钧 译 | |
| 分册: | ||
| 出版信息: | 北京 文物出版社 2022.07 |
|
| 页数: | 206页 | |
| 开本: | 24cm | |
| 丛书名: | 海上絲綢之路基本文獻叢書 | |
| 单 册: | ||
| 中图分类: | K916 | |
| 科图分类: | ||
| 主题词: | 历史地理--li shi di li--考证--世界 | |
| 电子资源: | ||
| ISBN: | 978-7-5010-7663-5 | |
| 000 | 01240nam 2200301 450 | |
| 001 | CAL 012022001752 | |
| 005 | 20230217093113.0 | |
| 010 | @a978-7-5010-7663-5@b精装@dCNY98.00 | |
| 100 | @a20220927e2022 em y0chiy0120 ea | |
| 101 | 1 | @achi@cfre |
| 102 | @aCN@b110000 | |
| 105 | @aa z 000yy | |
| 106 | @ar | |
| 200 | 1 | @a中國史乘中未詳諸國考證@Azhong guo shi sheng zhong wei xiang zhu guo kao zheng@f(法) 希勒格著@g馮承鈞譯 |
| 205 | @a影印本 | |
| 210 | @a北京@c文物出版社@d2022.07 | |
| 215 | @a206页@c图@d24cm | |
| 225 | 2 | @a海上絲綢之路基本文獻叢書@Ahai shang si chou zhi lu ji ben wen xian cong shu |
| 330 | @a本编注重史料的珍稀性, 从《海上丝绸之路历史文化丛书》中遴选出菁华, 拟出版百册单行本。本编所选之文献, 其编纂的年代下限至一九四九年。本编排序无严格定式, 所选之文献篇幅以二百余页为宜, 以便读者阅读使用。本编所选文献, 每种前皆注明版本、著者。本册为中国史乘中未详诸国考证。 | |
| 410 | 0 | @12001 @a海上絲綢之路基本文獻叢書 |
| 518 | 1 | @a中国史乘中未详诸国考证 |
| 606 | 0 | @a历史地理@Ali shi di li@x考证@y世界 |
| 690 | @aK916@v5 | |
| 701 | 1 | @a希勒格@Axi le ge@4著 |
| 702 | 0 | @a冯承钧@Afeng cheng jun@4译 |
| 730 | 1 | @a馮承鈞@Afeng cheng jun@4譯 |
| 801 | 0 | @aCN@bBJXHZP@c20230222 |
| 905 | @b1394632-5@dK916@e278@f4 | |
| 中國史乘中未詳諸國考證/(法) 希勒格著/馮承鈞譯.-影印本.-北京:文物出版社,2022.07 |
| 206页:图;24cm.-(海上絲綢之路基本文獻叢書) |
| ISBN 978-7-5010-7663-5(精装):CNY98.00 |
| 本编注重史料的珍稀性, 从《海上丝绸之路历史文化丛书》中遴选出菁华, 拟出版百册单行本。本编所选之文献, 其编纂的年代下限至一九四九年。本编排序无严格定式, 所选之文献篇幅以二百余页为宜, 以便读者阅读使用。本编所选文献, 每种前皆注明版本、著者。本册为中国史乘中未详诸国考证。 |
| ● |
| 相关链接 |
|
|
|
|
正题名:中國史乘中未詳諸國考證
索取号:K916/278
 
预约/预借
| 序号 | 登录号 | 条形码 | 馆藏地/架位号 | 状态 | 备注 |
| 1 | 1394632 | 213946328 | 第二样本阅览室/ [索取号:K916/278] | 在馆 | |
| 2 | 1394633 | 213946337 | 第二借阅区/ [索取号:K916/278] | 在馆 | |
| 3 | 1394634 | 213946346 | 第二借阅区/ [索取号:K916/278] | 在馆 | |
| 4 | 1394635 | 213946355 | 第二借阅区/ [索取号:K916/278] | 在馆 |